Perbezaan Harja Penjual Antara Pindah Milik Lot Bumiputra dengan Pindah Milik Lot bukan BumiPutra Kepada Bukan Bumiputra Di Taman-Taman Perumahan Kawasan Johor Bahru

Bibliographic Details
Format: Book
Subjects:

MARC

LEADER 00000cam a2200000 7i4500
001 0000023902
005 20111115.0
040 |a INS 
090 0 0 |a KK399 
245 1 0 |a Perbezaan Harja Penjual Antara Pindah Milik Lot Bumiputra dengan Pindah Milik Lot bukan BumiPutra Kepada Bukan Bumiputra Di Taman-Taman Perumahan Kawasan Johor Bahru 
300 |a i,18p ;   |c 29.5cm. 
650 0 |a Property transaction   |z Malaysia 
999 |a KK00000858   |b BOOK   |c Project papers   |e Default branch 
999 |a KK00000859   |b BOOK   |c Project papers   |e Default branch